[Event "Gran Canaria-ch Seniors 50"]
[Site "Gran Canaria"]
[Date "2020.02.11"]
[Round "3"]
[White "Gimenez Aldecocea, Jorge"]
[Black "Rodriguez Melian, Jose Luis"]
[Result "0-1"]
[WhiteElo "1374"]
[BlackElo "2103"]
[PlyCount "68"]
[EventDate "2020.02.04"]
[EventType "swiss"]
[EventRounds "7"]
[EventCountry "ESP"]
[SourceTitle "CBM 195 Extra"]
[Source "ChessBase"]
[SourceDate "2020.05.31"]
[SourceVersion "1"]
[SourceVersionDate "2020.05.31"]
[SourceQuality "1"]

1. d4 Nf6 2. Bf4 g6 3. Nf3 Bg7 4. e3 0-0 5. Be2 c5 6. c3 Nc6 7. h3 d5 8. 0-0 Nd7 9. Nbd2 e5 10. dxe5 Ndxe5 11. Nxe5 Nxe5 12. Nf3 Nc6 13. Qd2 a6 14. Rad1 Be6 15. Qc1 Qe7 16. Nh2 f5 17. Bg3 g5 18. f3 Rac8 19. Rfe1 Qf7 20. Qb1 Rfd8 21. Bf2 d4 22. exd4 cxd4 23. cxd4 Bxa2 24. Qa1 Nb4 25. Rd2 Nc2 26. Qd1 Nxe1 27. Qxe1 h6 28. Nf1 f4 29. Rd3 Bc4 30. Rd2 b5 31. Rd1 Re8 32. Bxc4 Qxc4 33. Qc3 Qxc3 34. bxc3 Rxc3 0-1

[Event "Canarias-chT"]
[Site "Vecindario"]
[Date "2019.06.14"]
[Round "3.3"]
[White "Santiago Humara, Eduardo"]
[Black "Gimenez Aldecocea, Jorge"]
[Result "1/2-1/2"]
[WhiteElo "1741"]
[BlackElo "1345"]
[PlyCount "95"]
[EventDate "2019.06.13"]
[EventType "team-swiss"]
[EventRounds "6"]
[EventCountry "ESP"]
[SourceTitle "EXT 2020"]
[Source "ChessBase"]
[SourceDate "2019.10.17"]
[SourceVersion "1"]
[SourceVersionDate "2019.10.17"]
[SourceQuality "1"]
[WhiteTeam "Capablanca"]
[BlackTeam "La Caja de Canarias III"]
[WhiteTeamCountry "ESP"]
[BlackTeamCountry "ESP"]

1. e4 e6 2. d3 d5 3. Nd2 Nf6 4. g3 Nbd7 5. Ngf3 b6 6. Bg2 Bb7 7. e5 Ng4 8. d4 c5 9. c3 cxd4 10. cxd4 Ba6 11. Nh4 Nh6 12. f4 f6 13. Kf2 fxe5 14. fxe5 Be7 15. Nhf3 Ng4+ 16. Kg1 Ne3 17. Qb3 Nxg2 18. Kxg2 0-0 19. a3 Nb8 20. Qe3 Nc6 21. b4 Rf7 22. Rb1 Bc8 23. Bb2 Bd7 24. Rbc1 b5 25. Nb3 a5 26. bxa5 Nxa5 27. Nxa5 Rxa5 28. Qc3 Rf8 29. Ra1 Qb6 30. Rhc1 Rc8 31. Qd2 Rc4 32. Rc3 b4 33. Rxc4 dxc4 34. axb4 Rxa1 35. Bxa1 Qxb4 36. Bc3 Qb3 37. Ng1 Ba4 38. Ne2 Qc2 39. Qxc2 Bxc2 40. Kf2 Kf8 41. Nf4 Bf5 42. Ng2 Ke8 43. Ne3 Bd3 44. Nd1 Kd7 45. Nb2 Kc6 46. Nxd3 cxd3 47. Ke3 Kd5 48. Kxd3 1/2-1/2

[Event "Liga Insular Gran Canaria 2b"]
[Site "Las Palmas"]
[Date "2019.06.01"]
[Round "10.1"]
[White "Gimenez Aldecocea, Jorge"]
[Black "Julien Casteleiro, Ariel"]
[Result "0-1"]
[WhiteElo "1387"]
[BlackElo "1664"]
[PlyCount "140"]
[EventDate "2019.03.02"]
[EventType "team-tourn"]
[EventRounds "10"]
[EventCountry "ESP"]
[SourceTitle "EXT 2021"]
[Source "ChessBase"]
[SourceDate "2020.10.23"]
[SourceVersion "1"]
[SourceVersionDate "2020.10.23"]
[SourceQuality "1"]
[WhiteTeam "Fundacion La Caja de Canarias IV"]
[BlackTeam "Hotel Avda de Canarias IV"]
[WhiteTeamCountry "ESP"]
[BlackTeamCountry "ESP"]

1. d4 d5 2. Bf4 Nf6 3. Nf3 Bf5 4. e3 e6 5. c4 Bb4+ 6. Nc3 c6 7. a3 Bxc3+ 8. bxc3 Qa5 9. Qb3 Nbd7 10. Be2 0-0 11. 0-0 Ne4 12. Rfc1 Ndf6 13. Qb4 Qxb4 14. cxb4 dxc4 15. Bxc4 Nd5 16. Bxd5 exd5 17. a4 a6 18. Ra2 h6 19. Ne1 g5 20. Bg3 h5 21. h3 h4 22. Bh2 Kh7 23. Nd3 f6 24. Nc5 Nxc5 25. bxc5 g4 26. Bd6 Rf7 27. Kh2 Rg8 28. Rg1 Rfg7 29. Raa1 Bc2 30. a5 Be4 31. hxg4 Bd3 32. f3 Rg6 33. Bf4 Kg7 34. Ra2 Kf7 35. Rb2 Bb5 36. g3 hxg3+ 37. Kxg3 f5 38. Rh2 fxg4 39. Rh7+ Ke6 40. Kf2 gxf3 41. Rxg6+ Rxg6 42. Kxf3 Rg1 43. Rxb7 Ra1 44. Bc7 Rb1 45. Bb6 Rf1+ 46. Kg3 Rf8 47. Rh7 Kf5 48. Rh4 Rg8+ 49. Kf2 Bd3 50. Rh6 Bb5 51. Rh5+ Ke4 52. Re5+ Kd3 53. Kf3 Rf8+ 54. Kg4 Rf1 55. Kg3 Kc3 56. Bd8 Rf8 57. Bb6 Rf7 58. Kg4 Be2+ 59. Kg3 Kd2 60. Re6 Bb5 61. e4 dxe4 62. Rxe4 Kd3 63. Rh4 Bc4 64. Rh6 Bd5 65. Rh4 Ke3 66. Bd8 Rg7+ 67. Rg4 Rb7 68. Bb6 Rf7 69. Rg8 Rf3+ 70. Kh4 Bxg8 0-1

[Event "Liga Insular Gran Canaria 3a"]
[Site "Las Palmas"]
[Date "2019.05.18"]
[Round "7.1"]
[White "Matos Espino, Carlos Silverio"]
[Black "Gimenez Aldecocea, Jorge"]
[Result "0-1"]
[WhiteElo "1243"]
[BlackElo "1387"]
[PlyCount "118"]
[EventDate "2019.03.02"]
[EventType "team-tourn"]
[EventRounds "9"]
[EventCountry "ESP"]
[SourceTitle "EXT 2021"]
[Source "ChessBase"]
[SourceDate "2020.10.23"]
[SourceVersion "1"]
[SourceVersionDate "2020.10.23"]
[SourceQuality "1"]
[WhiteTeam "Hotel Avda de Canarias VI"]
[BlackTeam "Fundacion La Caja de Canarias V"]
[WhiteTeamCountry "ESP"]
[BlackTeamCountry "ESP"]

1. e4 e6 2. Nf3 d5 3. Nc3 Bb4 4. exd5 Bxc3 5. dxc3 Qxd5 6. Qxd5 exd5 7. Bd3 Nc6 8. 0-0 h6 9. Re1+ Nge7 10. Bb5 0-0 11. Bxc6 Nxc6 12. b3 Bf5 13. Ba3 Rfe8 14. Rxe8+ Rxe8 15. Nh4 Bxc2 16. Bb2 Re2 17. Rc1 Bxb3 18. axb3 Rxb2 19. b4 Ne5 20. Rd1 Nc4 21. h3 Nd2 22. Nf3 Nxf3+ 23. gxf3 c6 24. Re1 Kf8 25. Ra1 a6 26. Ra5 Rc2 27. Ra3 Ke7 28. Kf1 Kd7 29. Ke1 Kc7 30. f4 Kb6 31. Ra5 Rxc3 32. Kd2 Rxh3 33. Ke2 Rb3 34. Ra1 Rxb4 35. Kf3 a5 36. Rg1 g6 37. Rh1 h5 38. Re1 Re4 39. Rb1+ Ka6 40. Kg3 b5 41. f3 Re7 42. Kh4 a4 43. Kg5 Re3 44. Kf6 Rxf3 45. Kxf7 Rxf4+ 46. Kxg6 h4 47. Kg5 Re4 48. Rc1 Kb6 49. Rh1 c5 50. Rd1 Kc6 51. Rf1 Kd6 52. Rf6+ Re6 53. Rf8 h3 54. Rh8 Re3 55. Rh6+ Ke5 56. Kg4 a3 57. Rh5+ Ke4 58. Rh4 a2 59. Kg5+ Ke5 0-1

[Event "Liga Insular Gran Canaria 2a"]
[Site "Las Palmas"]
[Date "2019.04.06"]
[Round "5.3"]
[White "Gimenez Aldecocea, Jorge"]
[Black "Sanchez Garcia, Vicente Giovanni"]
[Result "1-0"]
[WhiteElo "1387"]
[BlackElo "1409"]
[PlyCount "73"]
[EventDate "2019.03.02"]
[EventType "team-tourn"]
[EventRounds "7"]
[EventCountry "ESP"]
[SourceTitle "EXT 2021"]
[Source "ChessBase"]
[SourceDate "2020.10.23"]
[SourceVersion "1"]
[SourceVersionDate "2020.10.23"]
[SourceQuality "1"]
[WhiteTeam "Fundacion La Caja de Canarias III"]
[BlackTeam "Panaderia Pulido San Mateo IV"]
[WhiteTeamCountry "ESP"]
[BlackTeamCountry "ESP"]

1. d4 Nf6 2. Bf4 g6 3. Nf3 Bg7 4. e3 e6 5. h3 0-0 6. Be2 d6 7. 0-0 Bd7 8. c4 Bc6 9. Nc3 Re8 10. Bh2 d5 11. c5 Nbd7 12. b4 Nf8 13. Ne5 Ne4 14. Nxe4 dxe4 15. Nxc6 bxc6 16. b5 Qd7 17. Rb1 Rab8 18. Qa4 Qe7 19. bxc6 h6 20. Rb7 a6 21. Rfb1 Ra8 22. Bxc7 Qg5 23. Rb8 Qe7 24. R1b7 Raxb8 25. Rxb8 f6 26. Bd6 Qf7 27. Rb7 Nd7 28. Rxd7 Re7 29. Rxe7 Qf8 30. Rb7 Kh7 31. Bxf8 h5 32. Bxg7 g5 33. Bxh5 e5 34. dxe5 fxe5 35. Qxe4+ Kg8 36. Qg6 g4 37. Rb8# 1-0

[Event "Gran Canaria Cabildo op"]
[Site "Gran Canaria"]
[Date "2019.03.22"]
[Round "4"]
[White "Guerra Aleman, Marcial"]
[Black "Gimenez Aldecocea, Jorge"]
[Result "1-0"]
[WhiteElo "1630"]
[BlackElo "1387"]
[PlyCount "61"]
[EventDate "2019.03.12"]
[EventType "swiss"]
[EventRounds "7"]
[EventCountry "ESP"]
[SourceTitle "CBM 189 Extra"]
[Source "ChessBase"]
[SourceDate "2019.05.31"]
[SourceVersion "1"]
[SourceVersionDate "2019.05.31"]
[SourceQuality "1"]

1. d4 Nf6 2. Nf3 e6 3. c4 d5 4. Bg5 Be7 5. Nc3 dxc4 6. Qa4+ Nbd7 7. e3 a6 8. Bxc4 0-0 9. Qc2 b5 10. Bd3 Bb7 11. e4 h6 12. Bh4 Rc8 13. 0-0 c5 14. Qe2 cxd4 15. Nxd4 Nc5 16. Rad1 Qxd4 17. Bxb5 Qe5 18. Bd3 Qh5 19. Qxh5 Nxh5 20. Bxe7 Rfe8 21. Bxc5 Rxc5 22. Bc2 Nf6 23. f3 Rec8 24. Rd2 Kf8 25. Rfd1 Ke7 26. Ba4 R8c7 27. Rd4 e5 28. R4d2 Rc4 29. Bb3 R4c5 30. Kf2 Nd7 31. Bxf7 1-0

[Event "Liga Insular Gran Canaria 2a"]
[Site "Las Palmas"]
[Date "2019.03.16"]
[Round "3.2"]
[White "Andonegui Echeburua, Jose Luis"]
[Black "Gimenez Aldecocea, Jorge"]
[Result "1-0"]
[WhiteElo "1646"]
[BlackElo "1387"]
[PlyCount "79"]
[EventDate "2019.03.02"]
[EventType "team-tourn"]
[EventRounds "7"]
[EventCountry "ESP"]
[SourceTitle "EXT 2021"]
[Source "ChessBase"]
[SourceDate "2020.10.23"]
[SourceVersion "1"]
[SourceVersionDate "2020.10.23"]
[SourceQuality "1"]
[WhiteTeam "Hotel Avda de Canarias V"]
[BlackTeam "Fundacion La Caja de Canarias III"]
[WhiteTeamCountry "ESP"]
[BlackTeamCountry "ESP"]

1. b3 e5 2. Bb2 Nc6 3. e3 d5 4. Bb5 Nge7 5. Bxe5 Bd7 6. Bb2 a6 7. Be2 Be6 8. Nf3 Ng6 9. c4 dxc4 10. bxc4 f6 11. d4 Bf7 12. 0-0 Be7 13. Nbd2 0-0 14. a3 Bd6 15. Ne4 b6 16. Nxd6 Qxd6 17. a4 Qd7 18. d5 Nd8 19. h4 Nb7 20. h5 Ne7 21. h6 Bg6 22. hxg7 Rf7 23. Nd4 Nc5 24. Bg4 Qd6 25. Ne6 Bd3 26. Re1 Bxc4 27. Bh5 Ng6 28. Bxg6 hxg6 29. Nxc5 Qxc5 30. e4 Kxg7 31. Bd4 Qf8 32. Re3 Qg8 33. Rh3 Kf8 34. Qc1 b5 35. axb5 Bxb5 36. e5 fxe5 37. Bxe5 Rh7 38. Qc5+ Ke8 39. Re1 Rd7 40. Rh8 1-0

[Event "Liga Insular Gran Canaria 2b"]
[Site "Las Palmas"]
[Date "2019.03.09"]
[Round "2.2"]
[White "Rivero Tacoronte, Gabriel"]
[Black "Gimenez Aldecocea, Jorge"]
[Result "0-1"]
[WhiteElo "1098"]
[BlackElo "1387"]
[PlyCount "80"]
[EventDate "2019.03.02"]
[EventType "team-tourn"]
[EventRounds "10"]
[EventCountry "ESP"]
[SourceTitle "EXT 2021"]
[Source "ChessBase"]
[SourceDate "2020.10.23"]
[SourceVersion "1"]
[SourceVersionDate "2020.10.23"]
[SourceQuality "1"]
[WhiteTeam "Sociedad La Montana IV"]
[BlackTeam "Fundacion La Caja de Canarias IV"]
[WhiteTeamCountry "ESP"]
[BlackTeamCountry "ESP"]

1. e4 e6 2. d4 d5 3. exd5 exd5 4. Nf3 Bd6 5. Nc3 Ne7 6. Bd3 Bg4 7. 0-0 Bxf3 8. Qxf3 0-0 9. Nxd5 Nxd5 10. Qe4 Nf6 11. Qxb7 Nbd7 12. Bg5 Qb8 13. Qxb8 Raxb8 14. Rab1 h6 15. Bd2 Rfe8 16. a4 Bb4 17. c3 Bd6 18. Bb5 Re7 19. c4 c5 20. dxc5 Nxc5 21. Rfe1 Rxe1+ 22. Rxe1 a6 23. Bc6 Rxb2 24. Bc3 Rb6 25. Bd5 Nxd5 26. cxd5 Nxa4 27. Bd4 Rb5 28. g3 Nb6 29. Ra1 Nxd5 30. Rxa6 Bc5 31. Bxc5 Rxc5 32. Kg2 Rc2 33. Ra3 g5 34. Rd3 Nf6 35. h3 Kg7 36. Kf3 Kg6 37. Re3 h5 38. g4 hxg4+ 39. hxg4 Rc4 40. Ke2 Nxg4 0-1

[Event "Gran Canaria op Seniors"]
[Site "Gran Canaria"]
[Date "2019.02.21"]
[Round "5"]
[White "Monteiro Rodrigues, Carlos"]
[Black "Gimenez Aldecocea, Jorge"]
[Result "1-0"]
[WhiteElo "1400"]
[BlackElo "1387"]
[PlyCount "105"]
[EventDate "2019.02.07"]
[EventType "swiss"]
[EventRounds "7"]
[EventCountry "ESP"]
[SourceTitle "CBM 189 Extra"]
[Source "ChessBase"]
[SourceDate "2019.05.31"]
[SourceVersion "1"]
[SourceVersionDate "2019.05.31"]
[SourceQuality "1"]

1. e4 e6 2. d4 d5 3. Nc3 dxe4 4. Nxe4 Bd7 5. Bd3 Bc6 6. Nf3 Nd7 7. Be3 Ngf6 8. Nxf6+ Nxf6 9. Bg5 Be7 10. c3 0-0 11. Qe2 Bxf3 12. gxf3 c6 13. Rg1 Kh8 14. f4 g6 15. 0-0-0 Qc7 16. h4 Nh5 17. Bxe7 Qxe7 18. Qe3 Qxh4 19. Kb1 Qxf4 20. Qe2 Qf6 21. Bc2 Ng7 22. Rh1 Nf5 23. Ka1 Kg7 24. Qd2 h5 25. Rdg1 Rh8 26. Rg5 Rad8 27. f4 c5 28. Bxf5 exf5 29. d5 c4 30. Rhg1 Qd6 31. Rxf5 Kg8 32. Qd4 Qb6 33. Qd1 Rd7 34. Qe1 Kh7 35. Re5 Rhd8 36. f5 Rxd5 37. fxg6+ fxg6 38. Rxd5 Rxd5 39. Qe7+ Kg8 40. Rf1 Qd8 41. Qe6+ Kh8 42. Rb1 Qg8 43. Qe4 Rd7 44. Re1 Qf7 45. Qe3 a6 46. Qh6+ Kg8 47. Rg1 Rd6 48. a3 Qf5 49. Rg5 Qc2 50. Rg1 Rb6 51. Rb1 Rd6 52. Qe3 b5 53. Qe8+ 1-0

[Event "Gran Canaria op Seniors"]
[Site "Gran Canaria"]
[Date "2019.02.19"]
[Round "4"]
[White "Gimenez Aldecocea, Jorge"]
[Black "Macias Reyes, Jose Luis"]
[Result "0-1"]
[WhiteElo "1387"]
[BlackElo "1553"]
[PlyCount "42"]
[EventDate "2019.02.07"]
[EventType "swiss"]
[EventRounds "7"]
[EventCountry "ESP"]
[SourceTitle "CBM 189 Extra"]
[Source "ChessBase"]
[SourceDate "2019.05.31"]
[SourceVersion "1"]
[SourceVersionDate "2019.05.31"]
[SourceQuality "1"]

1. d4 d5 2. Bf4 Nf6 3. Nf3 c5 4. e3 Nc6 5. c3 Qb6 6. Qb3 c4 7. Qc2 Bf5 8. Qc1 e6 9. Nbd2 Nh5 10. Bg3 Nxg3 11. hxg3 h6 12. Be2 Be7 13. Rb1 Bxb1 14. Qxb1 Qc7 15. g4 b5 16. g5 b4 17. gxh6 gxh6 18. Qc2 Qa5 19. b3 bxc3 20. Nb1 cxb3 21. Qxc3 Bb4 0-1

[Event "Gran Canaria op Seniors"]
[Site "Gran Canaria"]
[Date "2019.02.14"]
[Round "3"]
[White "Gimenez Aldecocea, Jorge"]
[Black "Aguilera Suarez, Antonio"]
[Result "0-1"]
[WhiteElo "1387"]
[BlackElo "1739"]
[PlyCount "52"]
[EventDate "2019.02.07"]
[EventType "swiss"]
[EventRounds "7"]
[EventCountry "ESP"]
[SourceTitle "CBM 189 Extra"]
[Source "ChessBase"]
[SourceDate "2019.05.31"]
[SourceVersion "1"]
[SourceVersionDate "2019.05.31"]
[SourceQuality "1"]

1. d4 Nf6 2. Bf4 e6 3. Nf3 b6 4. e3 Bb7 5. Bd3 Be7 6. Nbd2 d5 7. c3 Nbd7 8. Ne5 Nxe5 9. dxe5 Nd7 10. Qg4 g6 11. Nf3 Nc5 12. Bc2 Ne4 13. Bxe4 dxe4 14. Rd1 Qc8 15. Bg5 exf3 16. Bxe7 fxg2 17. Rg1 Kxe7 18. Qg5+ Kf8 19. Qf6 Rg8 20. Qh4 Qe8 21. e4 Qe7 22. Qh6+ Ke8 23. Qe3 Rd8 24. Rxg2 Rxd1+ 25. Kxd1 Kd8 26. f3 Kc8 0-1

[Event "Gran Canaria Santana Memorial 6th"]
[Site "Gran Canaria"]
[Date "2018.11.20"]
[Round "2.12"]
[White "Gimenez Aldecocea, Jorge"]
[Black "Grube, Kurt Heinz"]
[Result "1-0"]
[WhiteElo "1330"]
[BlackElo "1660"]
[PlyCount "111"]
[EventDate "2018.11.16"]
[EventType "swiss"]
[EventRounds "7"]
[EventCountry "ESP"]
[SourceTitle "EXT 2024"]
[Source "ChessBase"]
[SourceDate "2023.10.10"]
[SourceVersion "1"]
[SourceVersionDate "2023.10.10"]
[SourceQuality "1"]

1. d4 Nf6 2. Bf4 d6 3. Nf3 g6 4. e3 Bg7 5. h3 0-0 6. Be2 b6 7. 0-0 Bb7 8. c4 Nbd7 9. Nc3 a6 10. a3 Re8 11. b4 Qc8 12. Qb3 h6 13. Bh2 Ne4 14. Rac1 Nxc3 15. Rxc3 c5 16. Rcc1 Rb8 17. Qa2 Bxf3 18. Bxf3 cxd4 19. exd4 Bxd4 20. Rfd1 Be5 21. Bg4 Bxh2+ 22. Kxh2 Qc7 23. Kg1 e6 24. Qd2 h5 25. Be2 Nf6 26. Qf4 Kg7 27. Qxd6 Qe7 28. c5 Nd5 29. Bxa6 bxc5 30. Qxe7 Rxe7 31. Rxc5 Ra8 32. Rc6 Rea7 33. b5 Rb8 34. Rdc1 Rd8 35. R1c4 Rda8 36. Rc8 Rxc8 37. Rxc8 Nb6 38. Rc1 Na8 39. Rc6 Rc7 40. a4 Rxc6 41. bxc6 Kf6 42. Bb7 Nc7 43. a5 Ke7 44. a6 Nb5 45. Kf1 Kd6 46. Ke2 f5 47. Kd3 g5 48. Kc4 Na7 49. Kb4 g4 50. Ka5 Nxc6+ 51. Kb6 Na7 52. Kxa7 Kc7 53. h4 e5 54. g3 f4 55. Be4 f3 56. Bf5 1-0

[Event "Gran Canaria Galdos op 3rd"]
[Site "Gran Canaria"]
[Date "2018.04.23"]
[Round "1"]
[White "Kleine, Peter"]
[Black "Gimenez Aldecocea, Jorge"]
[Result "1-0"]
[WhiteElo "1601"]
[BlackElo "1324"]
[PlyCount "121"]
[EventDate "2018.04.18"]
[EventType "swiss"]
[EventRounds "5"]
[EventCountry "ESP"]
[SourceTitle "EXT 2024"]
[Source "ChessBase"]
[SourceDate "2023.10.10"]
[SourceVersion "1"]
[SourceVersionDate "2023.10.10"]
[SourceQuality "1"]

1. e4 e6 2. Ne2 d5 3. Ng3 Nf6 4. e5 Nfd7 5. d4 c5 6. c3 Nc6 7. Be2 cxd4 8. cxd4 Qb6 9. Nc3 Qxd4 10. Qxd4 Nxd4 11. Bd1 Nxe5 12. 0-0 Bd6 13. Be3 Ndc6 14. Nb5 Kd7 15. Nh5 Bf8 16. Ba4 a6 17. Nd4 b5 18. Bb3 Nc4 19. Nxc6 Kxc6 20. Rac1 Kb7 21. Bd4 Rg8 22. Bc3 Bd7 23. a3 f6 24. Nf4 Bd6 25. Nd3 Rge8 26. Bc2 Rac8 27. g3 Nxa3 28. Bd1 Nc4 29. Bf3 Kb8 30. Ra1 Rc6 31. Bg2 Bc8 32. Rfe1 Re7 33. Bb4 Bxb4 34. Nxb4 Rcc7 35. Bxd5 exd5 36. Rxe7 Rxe7 37. Nc6+ Kc7 38. Nxe7 Bb7 39. Rc1 Kb6 40. b4 Kc7 41. Rd1 Kd6 42. Nf5+ Kd7 43. Nxg7 a5 44. bxa5 Nxa5 45. Nf5 Nc4 46. Nd4 Bc6 47. Rb1 Nd6 48. Kg2 Kc7 49. Kf3 Kb6 50. Kf4 Kc5 51. Nxc6 Kxc6 52. Ke3 Nc4+ 53. Kd4 Nb6 54. Re1 Kd6 55. Re8 b4 56. Rh8 Nc4 57. Rb8 Ne5 58. Rb6+ Nc6+ 59. Kd3 Kc5 60. Rb7 Nd4 61. Rxb4 1-0

[Event "Las Palmas Insular-chT Segunda 1718"]
[Site "Las Palmas"]
[Date "2018.02.03"]
[Round "7.4"]
[White "Gimenez Aldecocea, Jorge"]
[Black "Rivero Castellano, Carlos Jesus"]
[Result "0-1"]
[WhiteElo "1315"]
[BlackElo "1616"]
[PlyCount "76"]
[EventDate "2017.10.28"]
[EventType "team-swiss"]
[EventRounds "9"]
[EventCountry "ESP"]
[SourceTitle "EXT 2021"]
[Source "ChessBase"]
[SourceDate "2020.10.23"]
[SourceVersion "1"]
[SourceVersionDate "2020.10.23"]
[SourceQuality "1"]
[WhiteTeam "Fundacion La Caja de Canarias IV"]
[BlackTeam "Panaderia Pulido San Mateo II"]
[WhiteTeamCountry "ESP"]
[BlackTeamCountry "ESP"]

1. d4 e6 2. Bf4 d5 3. Nf3 Nf6 4. e3 c5 5. c3 Nc6 6. Nbd2 Be7 7. Bd3 Bd7 8. Ne5 Nxe5 9. dxe5 Ng8 10. Qg4 g5 11. Bxg5 Bxg5 12. h4 Bh6 13. Qh5 Qe7 14. g4 0-0-0 15. 0-0-0 Be8 16. g5 Bg7 17. f4 f6 18. gxf6 Bxh5 19. fxe7 Nxe7 20. Rdg1 Rdg8 21. Rg5 Bg6 22. Be2 Bh6 23. Rg2 Bf5 24. Rhg1 Rxg2 25. Rxg2 Rg8 26. Rxg8+ Nxg8 27. Nf1 Ne7 28. Ng3 c4 29. Kd2 Bg6 30. Bg4 Bf7 31. Ne2 Nc6 32. Ng1 Nb8 33. Nf3 Na6 34. Nd4 Nc5 35. Nb5 Ne4+ 36. Ke1 a6 37. Nd6+ Nxd6 38. exd6 Kd7 0-1

[Event "Las Palmas Insular-chT Segunda 1718"]
[Site "Las Palmas"]
[Date "2017.12.16"]
[Round "4.1"]
[White "Trujillo Morales, Sofia"]
[Black "Gimenez Aldecocea, Jorge"]
[Result "0-1"]
[WhiteElo "1191"]
[BlackElo "1315"]
[PlyCount "62"]
[EventDate "2017.10.28"]
[EventType "team-swiss"]
[EventRounds "9"]
[EventCountry "ESP"]
[SourceTitle "EXT 2019"]
[Source "ChessBase"]
[SourceDate "2018.10.10"]
[SourceVersion "1"]
[SourceVersionDate "2018.10.10"]
[SourceQuality "1"]
[WhiteTeam "Grandama IV"]
[BlackTeam "Fundacion La Caja de Canarias IV"]
[WhiteTeamCountry "ESP"]
[BlackTeamCountry "ESP"]

1. e4 e6 2. d4 d5 3. e5 c5 4. c3 Nc6 5. Nf3 Bd7 6. Be2 Qb6 7. 0-0 cxd4 8. cxd4 Nge7 9. b3 Nf5 10. Bb2 Be7 11. a3 0-0 12. Qd2 Qxb3 13. Rc1 Qb6 14. Qd3 Qxb2 15. Nc3 Qb6 16. Rab1 Qc7 17. Nb5 Qd8 18. a4 a6 19. Na3 Rb8 20. Rc2 Nb4 21. Rxb4 Bxb4 22. Rb2 Qa5 23. Qb3 Bxa3 24. Ra2 Nxd4 25. Nxd4 Qe1+ 26. Bf1 Bc5 27. Nf3 Qb4 28. Qxb4 Bxb4 29. Rb2 Bc3 30. Rb3 Ba5 31. Ra3 Rfc8 0-1

[Event "Las Palmas Insular-chT Segunda 1718"]
[Site "Las Palmas"]
[Date "2017.11.25"]
[Round "3.1"]
[White "Gimenez Aldecocea, Jorge"]
[Black "Farina Vidal, Adrian"]
[Result "0-1"]
[WhiteElo "1315"]
[BlackElo "1342"]
[PlyCount "104"]
[EventDate "2017.10.28"]
[EventType "team-swiss"]
[EventRounds "9"]
[EventCountry "ESP"]
[SourceTitle "EXT 2019"]
[Source "ChessBase"]
[SourceDate "2018.10.10"]
[SourceVersion "1"]
[SourceVersionDate "2018.10.10"]
[SourceQuality "1"]
[WhiteTeam "Fundacion La Caja de Canarias V"]
[BlackTeam "Hotel Avda de Canarias VI"]
[WhiteTeamCountry "ESP"]
[BlackTeamCountry "ESP"]

1. d4 e6 2. Bf4 d5 3. Nf3 Nf6 4. e3 c5 5. c3 c4 6. Nbd2 Qb6 7. Qc2 h6 8. Be2 Bd6 9. Bg3 Bxg3 10. hxg3 Nc6 11. Ne5 Nd7 12. Ndf3 Qc7 13. Nxf7 Kxf7 14. Ng5+ hxg5 15. Rxh8 Nf6 16. Bh5+ Nxh5 17. Rxh5 Qe7 18. 0-0-0 Qf6 19. Rh8 b6 20. Rdh1 Bb7 21. R8h7 Ne7 22. f4 gxf4 23. gxf4 Nf5 24. Qe2 Ng3 25. Qe1 Nxh1 26. Qxh1 Rg8 27. Qh5+ Qg6 28. g4 Qxh5 29. Rxh5 Bc8 30. g5 Kg6 31. Rh4 Kf5 32. Kd2 Ke4 33. Ke2 Bd7 34. Rh5 Kf5 35. Kf3 Ba4 36. Rh2 Bd1+ 37. Kg3 Rf8 38. Rh7 Rf7 39. Rh8 Ba4 40. Rh4 b5 41. a3 a5 42. Rh8 Ke4 43. Ra8 Kxe3 44. Rxa5 Re7 45. Ra8 Kd2 46. Rh8 Kc2 47. Rh2+ Kb1 48. Kf3 Bc2 49. Kg4 Kxb2 50. Rh8 Kxc3 51. Rb8 Ba4 52. Kh5 Kxd4 0-1

[Event "Gran Canaria Galdos op 2nd"]
[Site "Gran Canaria"]
[Date "2017.05.05"]
[Round "3"]
[White "Diaz Hernandez, Juan Jose"]
[Black "Gimenez Aldecocea, Jorge"]
[Result "1/2-1/2"]
[WhiteElo "1011"]
[BlackElo "1292"]
[PlyCount "74"]
[EventDate "2017.05.03"]
[EventType "swiss"]
[EventRounds "5"]
[EventCountry "ESP"]
[SourceTitle "CBM 178 Extra"]
[Source "ChessBase"]
[SourceDate "2017.06.22"]
[SourceVersion "1"]
[SourceVersionDate "2017.06.22"]
[SourceQuality "1"]

1. d4 Nf6 2. Nc3 e6 3. a3 d5 4. Bg5 Be7 5. Bf4 0-0 6. Be5 Nfd7 7. Nf3 c6 8. e3 Nxe5 9. Nxe5 Bd6 10. f4 Nd7 11. Nxd7 Bxd7 12. Qh5 c5 13. Bd3 g6 14. Qf3 cxd4 15. exd4 Qb6 16. 0-0 Qxd4+ 17. Rf2 Bc6 18. Rb1 Qb6 19. Kh1 d4 20. Ne4 Bxe4 21. Bxe4 Bxa3 22. Qxa3 d3 23. Rbf1 dxc2 24. Bxc2 Rac8 25. Qe7 Rc7 26. Qf6 Rfc8 27. h4 Rxc2 28. h5 Rxf2 29. Rxf2 Rc1+ 30. Kh2 Qxf2 31. h6 Qg1+ 32. Kg3 Qe3+ 33. Kg4 Qe2+ 34. Kg3 Qe1+ 35. Kg4 Qe2+ 36. Kg3 Qe3+ 37. Kg4 Qe2+ 1/2-1/2

[Event "Gran Canaria Galdos op 2nd"]
[Site "Gran Canaria"]
[Date "2017.05.03"]
[Round "1"]
[White "Guerra Aleman, Marcial"]
[Black "Gimenez Aldecocea, Jorge"]
[Result "1-0"]
[WhiteElo "1696"]
[BlackElo "1292"]
[PlyCount "54"]
[EventDate "2017.05.03"]
[EventType "swiss"]
[EventRounds "5"]
[EventCountry "ESP"]
[SourceTitle "CBM 178 Extra"]
[Source "ChessBase"]
[SourceDate "2017.06.22"]
[SourceVersion "1"]
[SourceVersionDate "2017.06.22"]
[SourceQuality "1"]

1. d4 Nf6 2. Nf3 e6 3. e3 d5 4. Bd3 c5 5. c3 Nc6 6. Nbd2 Bd6 7. 0-0 0-0 8. b3 b6 9. Bb2 cxd4 10. exd4 Bb7 11. Re1 Rc8 12. Rc1 Ne7 13. Ne5 a6 14. Qf3 b5 15. Rc2 Qb6 16. Qh3 h6 17. Re3 Nc6 18. Rg3 Kh8 19. Bc1 Nxe5 20. dxe5 Bxe5 21. Nc4 dxc4 22. Bxh6 Bxg3 23. Bxg7+ Kxg7 24. Qxg3+ Kh8 25. Qh4+ Kg7 26. Qg5+ Kh8 27. Qxf6+ Kg8 1-0

[Event "Las Palmas Cabildo op"]
[Site "Las Palmas"]
[Date "2017.03.17"]
[Round "3"]
[White "Perdomo Suarez, Juan Manuel"]
[Black "Gimenez Aldecocea, Jorge"]
[Result "1-0"]
[WhiteElo "1471"]
[BlackElo "1304"]
[PlyCount "60"]
[EventDate "2017.03.10"]
[EventType "swiss"]
[EventRounds "7"]
[EventCountry "ESP"]
[SourceTitle "EXT 2018"]
[Source "ChessBase"]
[SourceDate "2017.10.13"]
[SourceVersion "1"]
[SourceVersionDate "2017.10.13"]
[SourceQuality "1"]

1. e4 d5 2. exd5 Qxd5 3. Nc3 Qa5 4. d4 c6 5. Nf3 Bg4 6. Bc4 e6 7. Bd2 Qd8 8. Qe2 Bxf3 9. Qxf3 Qxd4 10. Bb3 Qf6 11. Qd3 Nd7 12. Be3 Nc5 13. Bxc5 Bxc5 14. 0-0-0 Qe7 15. Ne4 Nf6 16. Nxf6+ gxf6 17. Qg3 Rd8 18. Qg7 Rxd1+ 19. Rxd1 Qf8 20. Qxf6 Be7 21. Qd4 Qh6+ 22. Kb1 Bf6 23. Qd7+ Kf8 24. Rd3 Rg8 25. Qc8+ Kg7 26. Rg3+ Bg5 27. Qxb7 Kh8 28. Qxf7 Qxh2 29. a4 Qh6 30. Qxe6 Qg6 1-0